[Event "Team men HL chess 2017"]
[Site "Sochi"]
[Date "2017.05.08"]
[Round "7.3"]
[White "Yandarbiev, Ruslan"]
[Black "Kuzmin, Artem"]
[Result "1-0"]
[WhiteElo "2288"]
[BlackElo "2040"]
[PlyCount "75"]
[EventDate "2017.05.01"]

1. d4 Nf6 2. Nf3 e6 3. c4 d5 4. Nc3 Nbd7 5. cxd5 exd5 6. Bg5 Be7 7. e3 O-O 8.
Qc2 c6 9. Bd3 h6 10. Bh4 Ne8 11. Bxe7 Qxe7 12. O-O Nd6 13. Rae1 Nf6 14. Ne5 Ng4
15. f4 Qh4 16. h3 Nf6 17. f5 Nfe4 18. Nf3 Qe7 19. g4 h5 20. Bxe4 dxe4 21. Ne5
Qg5 22. Qg2 Re8 23. Rf4 b5 24. Nxe4 Nxe4 25. Rxe4 Bb7 26. Nd3 c5 27. Rxe8+ Rxe8
28. Qxb7 Rxe3 29. Rxe3 Qxe3+ 30. Nf2 cxd4 31. Qxb5 hxg4 32. hxg4 Qe1+ 33. Kg2
Qd2 34. Qe8+ Kh7 35. Qxf7 Qf4 36. Qg6+ Kh8 37. Qe8+ Kh7 38. Qe4 1-0

[Event "Team men HL chess 2017"]
[Site "Sochi"]
[Date "2017.05.08"]
[Round "7.4"]
[White "Pakhomov, Alexey"]
[Black "Triapishko, Alexandr"]
[Result "0-1"]
[WhiteElo "2343"]
[BlackElo "2490"]
[PlyCount "116"]
[EventDate "2017.05.01"]

1. e4 e5 2. Nf3 Nc6 3. d4 exd4 4. Bc4 Nf6 5. Ng5 d5 6. exd5 Na5 7. Qxd4 Nxc4 8.
Qxc4 h6 9. Nf3 Qxd5 10. Qe2+ Be6 11. Nc3 Qc4 12. O-O O-O-O 13. Qxc4 Bxc4 14.
Re1 Be6 15. a3 a6 16. Bf4 Nd5 17. Be5 Nxc3 18. Bxc3 Rg8 19. Nd4 Bd7 20. Nf3 b6
21. Rad1 f6 22. h3 a5 23. b4 a4 24. Bd4 Bf5 25. c3 c5 26. Be3 Rxd1 27. Rxd1 Be7
28. Bf4 Rd8 29. Re1 Bf8 30. g4 Bh7 31. Re6 Kb7 32. Re3 Rd3 33. Rxd3 Bxd3 34.
Nd2 Kc6 35. f3 g5 36. Be3 f5 37. f4 gxf4 38. Bxf4 Bg7 39. Nf3 Kd5 40. bxc5 bxc5
41. Kf2 fxg4 42. hxg4 Bxc3 43. Bxh6 Bb2 44. Ke3 Bh7 45. g5 Bxa3 46. Bg7 Bc1+
47. Ke2 a3 48. Bf6 Bb2 49. Kd2 Bg6 50. Ne1 Kc4 51. Nc2 Kb3 52. Na1+ Ka2 53. Nc2
Kb1 54. Nxa3+ Bxa3 55. Kc3 Bf7 56. g6 Bb2+ 57. Kd2 Bxg6 58. Be7 c4 0-1

[Event "Team men HL chess 2017"]
[Site "Sochi"]
[Date "2017.05.08"]
[Round "7.4"]
[White "Iljin, Timofey"]
[Black "Meshkov, Yuri A"]
[Result "1/2-1/2"]
[WhiteElo "2317"]
[BlackElo "2345"]
[PlyCount "116"]
[EventDate "2017.05.01"]

1. d4 Nf6 2. c4 d6 3. Nc3 e5 4. Nf3 e4 5. Ng5 Bf5 6. g4 Bxg4 7. Bg2 c6 8. Ngxe4
Nxe4 9. Bxe4 Nd7 10. Qd3 Bh5 11. Qh3 Nf6 12. Bg5 Bg6 13. Bxg6 fxg6 14. O-O-O
Qd7 15. Qh4 Be7 16. e4 Nh5 17. f4 Bxg5 18. Qxg5 Qf7 19. f5 gxf5 20. exf5 O-O
21. Rdf1 Rae8 22. Rhg1 Re7 23. h4 Nf6 24. d5 Re5 25. dxc6 bxc6 26. Qg2 Qd7 27.
Rd1 d5 28. Ne2 Rxf5 29. Nd4 Rf4 30. Qxg7+ Qxg7 31. Rxg7+ Kxg7 32. Ne6+ Kh8 33.
Nxf4 dxc4 34. Rd4 Ng4 35. Ne6 Re8 36. Rxg4 Rxe6 37. Kd2 c5 38. Kc3 Re5 39. Kxc4
h5 40. Rf4 Kg7 41. a4 a6 42. a5 Re2 43. Rf5 Rxb2 44. Rxc5 Kg6 45. Rg5+ Kh6 46.
Rd5 Kg6 47. Rd6+ Kf5 48. Rxa6 Kg4 49. Ra8 Ra2 50. a6 Kxh4 51. Kb3 Ra5 52. Kb4
Ra1 53. Kc5 Kg3 54. Rg8+ Kf3 55. Kb6 h4 56. a7 h3 57. Rh8 Kg3 58. Rg8+ Kf2
1/2-1/2

[Event "Team men HL chess 2017"]
[Site "Sochi"]
[Date "2017.05.08"]
[Round "7.4"]
[White "Babarykin, Stanislav"]
[Black "Kurbedinov, Ramis"]
[Result "1-0"]
[WhiteElo "2354"]
[BlackElo "2318"]
[PlyCount "71"]
[EventDate "2017.05.01"]

1. e4 e5 2. Nc3 Nf6 3. Bc4 Nc6 4. d3 Bb4 5. Nge2 d5 6. exd5 Nxd5 7. O-O Be6 8.
Bxd5 Bxd5 9. f4 O-O 10. f5 f6 11. Ng3 Bxc3 12. bxc3 e4 13. Ba3 Re8 14. c4 Bf7
15. Nxe4 Qd4+ 16. Kh1 Bxc4 17. Nxf6+ gxf6 18. dxc4 Rad8 19. Qh5 Ne5 20. Rae1
Qg4 21. Qh6 Qg7 22. Qf4 Qg4 23. Qh6 Qg7 24. Qh4 Rd2 25. Qe4 Red8 26. Bc1 R2d4
27. Qxb7 Rxc4 28. Bf4 Qf7 29. Qb3 Kh8 30. Bxe5 fxe5 31. Re4 Rdd4 32. Rxd4 exd4
33. f6 h6 34. Re1 Qg8 35. Qh3 Qf8 36. Re8 1-0

[Event "Team men HL chess 2017"]
[Site "Sochi"]
[Date "2017.05.08"]
[Round "7.4"]
[White "Derjabin, Ilja"]
[Black "Suslov, Evgeniy"]
[Result "1/2-1/2"]
[WhiteElo "2341"]
[BlackElo "2252"]
[PlyCount "138"]
[EventDate "2017.05.01"]

1. d4 d6 2. c4 e5 3. d5 a5 4. Nc3 Na6 5. a3 Bd7 6. Rb1 f5 7. b4 axb4 8. axb4
Nf6 9. Nf3 Be7 10. g3 O-O 11. Bg2 Qe8 12. Ng5 c6 13. O-O h6 14. Ne6 Bxe6 15.
dxe6 Nc7 16. Qc2 e4 17. f3 Nxe6 18. fxe4 Nxe4 19. Nxe4 fxe4 20. Rxf8+ Qxf8 21.
Qxe4 Ng5 22. Qd3 Nf7 23. b5 Ne5 24. Qb3 Qf5 25. bxc6 bxc6 26. Bf4 Rf8 27. c5+
d5 28. Rc1 Kh8 29. Qb7 Qe6 30. Qb3 Nd7 31. Be3 Bf6 32. Bf3 Re8 33. Bf2 Ne5 34.
Qb7 Bg5 35. Ra1 Nxf3+ 36. exf3 Be3 37. Ra8 Bxf2+ 38. Kxf2 d4 39. Rxe8+ Qxe8 40.
Qb3 Qe5 41. Qa3 Qd5 42. Ke2 d3+ 43. Qxd3 Qxc5 44. Qd8+ Kh7 45. Qd3+ Kg8 46.
Qd8+ Kf7 47. Qa8 Qb5+ 48. Ke3 Qb3+ 49. Ke4 Qc2+ 50. Ke3 Qc3+ 51. Ke4 Qe1+ 52.
Kd3 Qb1+ 53. Ke3 Qb3+ 54. Ke4 Qd5+ 55. Ke3 Qe6+ 56. Kf2 Qd7 57. Qa2+ Kf6 58.
Qb2+ Ke6 59. Qe2+ Kd6 60. Qd2+ Kc7 61. Qf4+ Kb6 62. Qb4+ Ka7 63. f4 Qc7 64.
Qa3+ Kb7 65. Kf3 c5 66. Qb3+ Kc6 67. g4 Qd6 68. Qa4+ Kb6 69. Qb3+ Kc6 1/2-1/2

[Event "Team men HL chess 2017"]
[Site "Sochi"]
[Date "2017.05.08"]
[Round "7.5"]
[White "Ponkratov, Pavel"]
[Black "Sychev, Klementy"]
[Result "1/2-1/2"]
[WhiteElo "2590"]
[BlackElo "2459"]
[PlyCount "81"]
[EventDate "2017.05.01"]

1. e4 e5 2. Nf3 Nc6 3. Bb5 a6 4. Ba4 Nf6 5. O-O Be7 6. Qe2 b5 7. Bb3 O-O 8. c3
d6 9. d3 Na5 10. Bc2 c5 11. Nbd2 Nc6 12. Re1 Re8 13. Nf1 h6 14. Ne3 Be6 15. h3
Bf8 16. Nh2 d5 17. exd5 Nxd5 18. Nxd5 Bxd5 19. a4 Rb8 20. axb5 axb5 21. Nf1 Qd7
22. Qh5 Be6 23. Ng3 Ra8 24. Rxa8 Rxa8 25. Qe2 Re8 26. Nh5 Kh8 27. f4 f6 28. Qf2
Bf7 29. Ng3 exf4 30. Rxe8 Bxe8 31. Ne4 Ne5 32. Nxc5 Bxc5 33. Qxc5 Bg6 34. Bxf4
Nxd3 35. Qf8+ Kh7 36. Bb3 Qe8 37. Qxe8 Bxe8 38. Bc2 Bg6 39. Bxd3 Bxd3 40. Kf2
Kg6 41. Be3 1/2-1/2

[Event "Team men HL chess 2017"]
[Site "Sochi"]
[Date "2017.05.08"]
[Round "7.5"]
[White "Zakhartsov, Vladimir"]
[Black "Gutenev, Alexander"]
[Result "1-0"]
[WhiteElo "2442"]
[BlackElo "2448"]
[PlyCount "107"]
[EventDate "2017.05.01"]

1. e4 c5 2. Nf3 Nc6 3. Bb5 g6 4. O-O Bg7 5. Re1 Nf6 6. e5 Nd5 7. Nc3 Nc7 8.
Bxc6 dxc6 9. Ne4 Ne6 10. d3 O-O 11. Be3 b6 12. Qd2 Nd4 13. Nxd4 cxd4 14. Bh6
Qd5 15. Bxg7 Kxg7 16. Qg5 Qe6 17. h4 h6 18. Qf4 c5 19. f3 Bb7 20. Nf2 Rad8 21.
b3 Bc8 22. a4 a5 23. Ne4 Qf5 24. Qg3 Be6 25. Qh2 Bd5 26. Ng3 Qd7 27. Ne2 Qf5
28. Nf4 g5 29. Nxd5 Rxd5 30. Re4 Rc8 31. Kf2 Rc6 32. hxg5 hxg5 33. Rh1 Rd8 34.
e6 fxe6 35. Re5 Qg6 36. Qg3 Rd5 37. Rxd5 exd5 38. Qb8 Qf5 39. Qh8+ Kf7 40. Rh7+
Ke6 41. g4 Qf4 42. Qg8+ Kd7 43. Qxd5+ Qd6 44. Qxg5 Qe6 45. Rh5 Kd8 46. Qd5+ Rd6
47. Rh8+ Kc7 48. Qxe6 Rxe6 49. f4 Kd7 50. g5 Rg6 51. Rh6 Re6 52. Rxe6 Kxe6 53.
Kg3 Kf5 54. Kh4 1-0

[Event "Team men HL chess 2017"]
[Site "Sochi"]
[Date "2017.05.08"]
[Round "7.5"]
[White "Matsenko, Andrei"]
[Black "Gochelashvili, David"]
[Result "1/2-1/2"]
[WhiteElo "2314"]
[BlackElo "2425"]
[PlyCount "110"]
[EventDate "2017.05.01"]

1. e4 g6 2. d4 Bg7 3. Nc3 d5 4. Nxd5 c6 5. Ne3 Qxd4 6. Qxd4 Bxd4 7. Bd3 Bg7 8.
Ne2 Nf6 9. Bd2 Nbd7 10. f3 Ne5 11. a4 O-O 12. Ra3 Rd8 13. b4 Nxd3+ 14. cxd3 e5
15. O-O Be6 16. Rd1 a5 17. Rb1 Bf8 18. Nc1 axb4 19. Bxb4 b5 20. Bxf8 Kxf8 21.
a5 Ra7 22. Nc2 Ke7 23. Rc3 Kd6 24. d4 Bc4 25. Nb3 Nd7 26. Rd1 Bxb3 27. Rxb3
Rxa5 28. dxe5+ Kc7 29. Rbd3 Raa8 30. Nb4 Nc5 31. Rxd8 Rxd8 32. Rxd8 Kxd8 33.
Nxc6+ Kc7 34. Nb4 Kb6 35. Kf2 Ka5 36. Nc6+ Ka4 37. Ke3 b4 38. Kd2 b3 39. Kc3
Ka3 40. Na5 Na4+ 41. Kd4 b2 42. Nc4+ Kb4 43. Nxb2 Nxb2 44. e6 fxe6 45. Ke5 Nd3+
46. Kxe6 Nf4+ 47. Kf7 Nxg2 48. e5 Nh4 49. e6 Nf5 50. e7 Kc5 51. e8=N Kd4 52.
Nf6 Ke3 53. Nxh7 Kxf3 54. Kxg6 Kg2 55. Kxf5 Kxh2 1/2-1/2

[Event "Team men HL chess 2017"]
[Site "Sochi"]
[Date "2017.05.08"]
[Round "7.5"]
[White "Dordzhieva, Dinara"]
[Black "Mokin, Nikolai"]
[Result "1-0"]
[WhiteElo "2271"]
[BlackElo "2277"]
[PlyCount "41"]
[EventDate "2017.05.01"]

1. Nf3 Nf6 2. c4 g6 3. g3 Bg7 4. Bg2 O-O 5. O-O d6 6. d4 Nbd7 7. Nc3 c6 8. h3
e5 9. e4 Qb6 10. Re1 exd4 11. Nxd4 Re8 12. Nc2 Qc7 13. b3 Nh5 14. Bb2 a5 15.
Qd2 Nc5 16. Rad1 Qb6 17. Qxd6 Be6 18. Ba3 Nxb3 19. Na4 Qa7 20. axb3 b5 21. Bc5
{çàïèñü íåðàçáîð~~èâà} 1-0

[Event "Team men HL chess 2017"]
[Site "Sochi"]
[Date "2017.05.08"]
[Round "7.6"]
[White "Pavlov, Maxim"]
[Black "Gusarov, Grigory"]
[Result "1/2-1/2"]
[WhiteElo "2486"]
[BlackElo "2320"]
[PlyCount "79"]
[EventDate "2017.05.01"]

1. e4 e5 2. Nf3 Nf6 3. Nxe5 d6 4. Nf3 Nxe4 5. Qe2 Qe7 6. d3 Nf6 7. Bg5 Qxe2+ 8.
Bxe2 Be7 9. Nc3 h6 10. Bf4 Nc6 11. O-O-O Bf5 12. h3 O-O-O 13. Rhe1 Rhe8 14. Bf1
Bf8 15. a3 Rxe1 16. Rxe1 Re8 17. Rxe8+ Nxe8 18. Nb5 a6 19. Nbd4 Nxd4 20. Nxd4
Bd7 21. c4 g5 22. Bd2 Bg7 23. Bc3 Kd8 24. Kd2 c5 25. Ne2 Bxc3+ 26. Nxc3 Bc6 27.
d4 Ng7 28. d5 Bd7 29. g4 f5 30. f3 Ke7 31. Be2 Kf6 32. Ke3 Ke5 33. Nd1 Be8 34.
Nf2 Bg6 35. Nd3+ Kf6 36. Nf2 Ke5 37. Nd3+ Kf6 38. Nf2 Ke5 39. Nd3+ Kf6 40. Nf2
1/2-1/2

[Event "Team men HL chess 2017"]
[Site "Sochi"]
[Date "2017.05.08"]
[Round "7.6"]
[White "Ozgibcev, Anatoly"]
[Black "Alexeev, Alexey"]
[Result "1/2-1/2"]
[WhiteElo "2379"]
[BlackElo "2301"]
[PlyCount "120"]
[EventDate "2017.05.01"]

1. e4 e6 2. d3 d5 3. Nd2 c5 4. Ngf3 Nf6 5. g3 g6 6. Bg2 Bg7 7. O-O O-O 8. c3
Nc6 9. Re1 a5 10. a4 b6 11. Qb3 Ba6 12. Bf1 Qc7 13. Qc2 Rac8 14. Nb1 c4 15.
dxc4 dxe4 16. Ng5 Ne5 17. Bg2 Nd3 18. Rd1 Nxc1 19. Qxc1 Bxc4 20. Nxe4 Nxe4 21.
Bxe4 f5 22. Bg2 f4 23. Nd2 fxg3 24. hxg3 Rxf2 25. Ne4 Rxg2+ 26. Kxg2 Bd5 27.
Re1 Qb7 28. Qf4 Rc4 29. Kf3 g5 30. Qxg5 Bxe4+ 31. Ke3 Rc8 32. Rad1 Bd5 33. c4
Rxc4 34. Qd8+ Bf8 35. Rf1 Qg7 36. Rxf8+ Qxf8 37. Rxd5 Qxd8 38. Rxd8+ Kf7 39.
Rd7+ Kf6 40. Rxh7 Rxa4 41. Kd3 Rb4 42. Kc3 Ke5 43. Rb7 Ke4 44. Re7 e5 45. g4
Rb5 46. g5 Rc5+ 47. Kd2 Rc6 48. Rf7 Rg6 49. Rf6 Rxg5 50. Rxb6 Kd4 51. Rd6+ Kc5
52. Ra6 Kb5 53. Re6 a4 54. Re8 Kc4 55. Ra8 Rg2+ 56. Ke3 Rg3+ 57. Kf2 Rb3 58.
Rxa4+ Kd3 59. Ra3 Rxa3 60. bxa3 e4 1/2-1/2

[Event "Team men HL chess 2017"]
[Site "Sochi"]
[Date "2017.05.08"]
[Round "7.6"]
[White "Vasilevich, Tatjana"]
[Black "Savchuk, Vladimir"]
[Result "1-0"]
[WhiteElo "2372"]
[BlackElo "2077"]
[PlyCount "89"]
[EventDate "2017.05.01"]

1. d4 Nf6 2. c4 c5 3. d5 b5 4. Nf3 g6 5. Qc2 d6 6. e4 Bg7 7. cxb5 a6 8. Nc3 O-O
9. a4 axb5 10. Bxb5 Ne8 11. O-O Nc7 12. Be2 Ba6 13. Re1 Qc8 14. Bf4 Nd7 15.
Bxa6 Nxa6 16. e5 Nb4 17. Qd2 dxe5 18. Nxe5 Nxe5 19. Bxe5 Qd7 20. Bxg7 Kxg7 21.
Rad1 Rfd8 22. Qe3 Nc2 23. Qe5+ Kg8 24. Re4 Rab8 25. Qxe7 Qxe7 26. Rxe7 Nd4 27.
Rc7 Rxb2 28. Rxc5 Nf5 29. h3 Nd6 30. Rc6 Rb3 31. a5 Ra3 32. Rxd6 Rxd6 33. Nb5
Rxd5 34. Rxd5 Rxa5 35. g4 h6 36. Kg2 Kg7 37. h4 Ra4 38. Kg3 Rb4 39. f3 Ra4 40.
Nc3 Rb4 41. Rd7 Rb6 42. Ne4 Rb8 43. g5 Rf8 44. gxh6+ Kxh6 45. Ng5 1-0

[Event "Team men HL chess 2017"]
[Site "Sochi"]
[Date "2017.05.08"]
[Round "7.6"]
[White "Solonkov, Dmitrij"]
[Black "Linker, Mikhail"]
[Result "0-1"]
[WhiteElo "2449"]
[BlackElo "2239"]
[PlyCount "107"]
[EventDate "2017.05.01"]

1. e4 c5 2. c3 Nf6 3. e5 Nd5 4. d4 cxd4 5. Nf3 e6 6. cxd4 Nc6 7. Bc4 d6 8. O-O
Nb6 9. Be2 Be7 10. Nc3 O-O 11. Bd3 f5 12. exf6 Bxf6 13. Ne4 Nd5 14. Nfg5 g6 15.
Nxf6+ Qxf6 16. Nxh7 Kxh7 17. Qh5+ Kg8 18. Bxg6 Qh8 19. Bh6 Nf4 20. Qg5 Qf6 21.
Bf7+ Kxf7 22. Qxf6+ Kxf6 23. Bxf8 d5 24. Rfe1 Nxd4 25. Bd6 Ng6 26. Rac1 Bd7 27.
h4 Rh8 28. Rc7 Bc6 29. f4 Rxh4 30. g3 Rh8 31. Be5+ Nxe5 32. fxe5+ Kg6 33. Kg2
Nf5 34. g4 d4+ 35. Rxc6 Nh4+ 36. Kg3 bxc6 37. Rc1 d3 38. Rd1 Kg5 39. Rxd3 Ng6
40. Rd6 Nf4 41. Rxc6 Rh3+ 42. Kf2 Rh2+ 43. Kf3 Rxb2 44. Ra6 Rb7 45. Rd6 Rc7 46.
Rd8 Rc3+ 47. Ke4 Rc4+ 48. Kf3 Ng6 49. Rg8 Rf4+ 50. Ke3 Rxg4 51. Rb8 Ra4 52. Rb2
Nxe5 53. Rg2+ Ng4+ 54. Kd3 0-1

[Event "Team men HL chess 2017"]
[Site "Sochi"]
[Date "2017.05.08"]
[Round "7.7"]
[White "Tekeyev, Zaur"]
[Black "Ponomarenko, Alexandr"]
[Result "1-0"]
[WhiteElo "2383"]
[BlackElo "2240"]
[PlyCount "85"]
[EventDate "2017.05.01"]

1. e4 e5 2. Nf3 Nc6 3. Nc3 Nf6 4. Be2 Bb4 5. Nd5 Bd6 6. Nxf6+ Qxf6 7. O-O O-O
8. c3 Re8 9. d4 h6 10. dxe5 Nxe5 11. Nd4 Nc6 12. Nb5 Rxe4 13. Nxd6 Qxd6 14.
Qxd6 cxd6 15. Bf3 Re6 16. Rd1 Ne7 17. c4 a5 18. Bf4 Ra6 19. h4 Rf6 20. Bd2 b6
21. h5 Rxf3 22. gxf3 Bb7 23. Bf4 Nf5 24. Kg2 Bc6 25. Bxd6 Nh4+ 26. Kg3 Nxf3 27.
Bf4 f6 28. Rd3 Ne5 29. Bxe5 fxe5 30. f3 Ra8 31. Re1 Re8 32. Rb3 a4 33. Rxb6 Rf8
34. Re3 Rf5 35. b4 axb3 36. axb3 Rxh5 37. b4 Rg5+ 38. Kf2 Ba4 39. b5 Rh5 40.
Ra6 Bd1 41. b6 Rh2+ 42. Ke1 Rh1+ 43. Kd2 1-0

[Event "Team men HL chess 2017"]
[Site "Sochi"]
[Date "2017.05.08"]
[Round "7.7"]
[White "Kayukov, Kirill"]
[Black "Nechaev, Oleg"]
[Result "0-1"]
[WhiteElo "2155"]
[BlackElo "2386"]
[PlyCount "78"]
[EventDate "2017.05.01"]

1. c4 g6 2. Nc3 Bg7 3. g3 c5 4. Bg2 Nc6 5. e4 e5 6. Nge2 Nge7 7. O-O d6 8. d3
O-O 9. a3 Rb8 10. Rb1 a5 11. Be3 Be6 12. Qd2 Qd7 13. Nd5 b5 14. b3 b4 15. a4
Bh3 16. Bxh3 Qxh3 17. Kh1 f5 18. Bg5 Rb7 19. f3 Nxd5 20. cxd5 Nd4 21. Nxd4 cxd4
22. Qe2 f4 23. Rbc1 Qh5 24. Bh4 g5 25. h3 Rbf7 26. Kg2 Qg6 27. Rc6 h5 28. g4
gxh4 29. Rfc1 Ra8 30. Rc8+ Rxc8 31. Rxc8+ Bf8 32. Rc1 hxg4 33. hxg4 h3+ 34. Kh2
Qh6 35. Qf2 Be7 36. Rc8+ Rf8 37. Rxf8+ Kxf8 38. Qf1 Qh4 39. Qxh3 Qg3+ 0-1

[Event "Team men HL chess 2017"]
[Site "Sochi"]
[Date "2017.05.08"]
[Round "7.7"]
[White "Rozhko, Dmitry"]
[Black "Tereshechkina, Maya"]
[Result "1-0"]
[WhiteElo "2351"]
[BlackElo "2056"]
[PlyCount "49"]
[EventDate "2017.05.01"]

1. e4 e6 2. d4 d5 3. Nc3 dxe4 4. Nxe4 Bd7 5. Nf3 Bc6 6. Bd3 Nd7 7. O-O Ngf6 8.
Ned2 Be7 9. Re1 O-O 10. a4 Re8 11. Nc4 Nb6 12. Nce5 Bxa4 13. Ng5 Rf8 14. Re3 h6
15. Rh3 Bc6 16. Nxc6 bxc6 17. Nf3 c5 18. b3 cxd4 19. Bxh6 gxh6 20. Qd2 Ng4 21.
Rg3 f5 22. Qxh6 Rf6 23. Rxg4+ fxg4 24. Qh7+ Kf8 25. Qh8+ 1-0

[Event "Team men HL chess 2017"]
[Site "Sochi"]
[Date "2017.05.08"]
[Round "7.7"]
[White "Dulenko, Maxim"]
[Black "Nuristani, Iman"]
[Result "1/2-1/2"]
[WhiteElo "2144"]
[BlackElo "2026"]
[PlyCount "118"]
[EventDate "2017.05.01"]

1. e4 e6 2. d4 d5 3. e5 c5 4. c3 Nc6 5. Nf3 Qb6 6. a3 Bd7 7. b4 cxd4 8. cxd4
Rc8 9. Be3 Nh6 10. Bd3 Ng4 11. O-O Nxe3 12. fxe3 Be7 13. Nbd2 Nb8 14. Qe2 Ba4
15. Rac1 O-O 16. Nb1 g6 17. h4 Rxc1 18. Rxc1 a6 19. h5 Bc6 20. hxg6 hxg6 21. g3
Kg7 22. Kg2 Nd7 23. Nc3 f5 24. exf6+ Bxf6 25. Nh4 Bxh4 26. Qg4 Rf6 27. Qxh4 e5
28. Rh1 Kf7 29. Bxg6+ Rxg6 30. Qh7+ Rg7 31. Rf1+ Nf6 32. Qf5 Rg6 33. b5 axb5
34. Ne2 Qa7 35. Qxe5 Qxa3 36. Nf4 Rh6 37. Nh5 Qe7 38. g4 Rg6 39. Kh2 Qe6 40.
Qxe6+ Kxe6 41. Nf4+ Kf7 42. Nxg6 Kxg6 43. Kg3 Bd7 44. Kf4 Nxg4 45. e4 dxe4 46.
Kxe4 b4 47. d5 b3 48. Kd4 Bf5 49. Kc3 Ne3 50. Rg1+ Kf7 51. Kxb3 Nxd5 52. Kc4
Ne7 53. Kc5 Nc8 54. Re1 Kf6 55. Re2 Bd7 56. Re1 b6+ 57. Kd5 Bf5 58. Re2 b5 59.
Kc5 Ne7 1/2-1/2

[Event "Team men HL chess 2017"]
[Site "Sochi"]
[Date "2017.05.08"]
[Round "7.8"]
[White "Domogaev, Sergey"]
[Black "Taysayev, Timur"]
[Result "0-1"]
[WhiteElo "2431"]
[BlackElo "2245"]
[PlyCount "98"]
[EventDate "2017.05.01"]

1. d4 Nf6 2. c4 c6 3. Nf3 b5 4. Nbd2 Qa5 5. e3 Ba6 6. c5 d6 7. cxd6 exd6 8. a4
b4 9. Bc4 d5 10. Nb3 Qb6 11. Be2 Nbd7 12. O-O Bd6 13. Bd2 Bxe2 14. Qxe2 a5 15.
Rfc1 O-O 16. Rc2 Ne4 17. Rac1 Rac8 18. Be1 f5 19. g3 Rfe8 20. Qd3 g6 21. Qd1
Qa6 22. h4 Re6 23. Kg2 Bc7 24. Qe2 Qa8 25. Qd3 Nb6 26. Ne5 Bxe5 27. dxe5 Rxe5
28. Qd4 Nd7 29. f3 Nef6 30. h5 Nxh5 31. Nc5 Nhf6 32. Nd3 Ree8 33. Bf2 Kf7 34.
Rh1 h5 35. Rhc1 g5 36. b3 g4 37. Qf4 gxf3+ 38. Kg1 Ke6 39. Qg5 Rg8 40. Nf4+ Ke5
41. Nd3+ Ke6 42. Nf4+ Ke5 43. Qh6 Rg4 44. e4 fxe4 45. Rd2 Rcg8 46. Rdc2 Rxg3+
47. Bxg3 Rxg3+ 48. Kh1 Qg8 49. Rxc6 Rh3+ 0-1

[Event "Team men HL chess 2017"]
[Site "Sochi"]
[Date "2017.05.08"]
[Round "7.8"]
[White "Nazaretyan, Tigran"]
[Black "Skurikhin, Dmitrij"]
[Result "1/2-1/2"]
[WhiteElo "2356"]
[BlackElo "2345"]
[PlyCount "92"]
[EventDate "2017.05.01"]

1. d4 d5 2. c4 c6 3. Nf3 Nf6 4. Qc2 dxc4 5. Qxc4 Bf5 6. g3 e6 7. Bg2 Be7 8. O-O
O-O 9. e3 Nbd7 10. Rd1 Qc7 11. Qe2 Rfd8 12. Nc3 Ne4 13. Nd2 Nxc3 14. bxc3 e5
15. a4 a5 16. e4 Bg6 17. Nc4 f6 18. Qg4 Nb6 19. Ne3 exd4 20. cxd4 Bb4 21. Bb2
Qf7 22. Qe2 Qb3 23. Rd3 Qe6 24. f3 Qe8 25. Kh1 c5 26. dxc5 Nxa4 27. Nd5 Nxb2
28. Qxb2 Qb5 29. Rc3 Qe8 30. Rcc1 Rac8 31. Nxb4 axb4 32. Qxb4 Qe7 33. f4 Be8
34. Rab1 Bc6 35. h3 Rc7 36. Rd1 Rcd7 37. Rxd7 Qxd7 38. Rc1 Kf8 39. Kh2 Qd3 40.
Qe1 Rd4 41. Qf2 Bxe4 42. Bxe4 Rxe4 43. Rc2 Re7 44. Qd2 Qxd2+ 45. Rxd2 Rc7 46.
Rb2 Rxc5 1/2-1/2

[Event "Team men HL chess 2017"]
[Site "Sochi"]
[Date "2017.05.08"]
[Round "7.8"]
[White "Parfenov, Viktor N"]
[Black "Tenikashvili, Georgij"]
[Result "1/2-1/2"]
[WhiteElo "2240"]
[BlackElo "2305"]
[PlyCount "171"]
[EventDate "2017.05.01"]

1. c4 c5 2. g3 Nc6 3. Bg2 g6 4. Nc3 Bg7 5. Nf3 e5 6. O-O Nge7 7. a3 O-O 8. Rb1
a5 9. Ne1 d6 10. Nc2 Be6 11. d3 Rb8 12. b4 b6 13. Bg5 Qd7 14. Bxe7 Nxe7 15. Ne3
f5 16. Ned5 Nxd5 17. Nxd5 Bxd5 18. Bxd5+ Kh8 19. bxa5 bxa5 20. Qc2 f4 21. Rxb8
Rxb8 22. Rb1 Rxb1+ 23. Qxb1 Bf6 24. Qb8+ Bd8 25. Kg2 fxg3 26. hxg3 Kg7 27. Be4
Kf7 28. Qa8 Kg7 29. Bc6 Qc7 30. Kf1 Kf6 31. Ke1 Kg7 32. Bb5 Qe7 33. Qe4 Qg5 34.
e3 Qf6 35. Bd7 Qf7 36. Qc6 Qf6 37. Kd1 Qe7 38. Bh3 Qc7 39. Qb5 Qe7 40. Bg2 Kf8
41. Be4 Kg7 42. Ke2 Kf8 43. Qc6 Kg7 44. Bf3 Qc7 45. Qb5 Qe7 46. Kd1 Qf7 47. Qc6
Qc7 48. Qa8 Qb6 49. Kc2 Qc7 50. Bd5 Qd7 51. Kb3 Qc7 52. Ka4 Qd7+ 53. Bc6 Qc7
54. Bb5 Kf6 55. Qd5 Kg7 56. Bc6 Bf6 57. Bb5 Bd8 58. Qe6 Be7 59. Bd7 Bd8 60. Qe8
Bg5 61. Be6 Be7 62. Bd7 Qd8 63. Kb5 Qxe8 64. Bxe8 Bd8 65. Kc6 Be7 66. Bd7 Kf6
67. Bh3 h5 68. Kd7 Bf8 69. Kc7 Be7 70. Bc8 g5 71. Bd7 h4 72. gxh4 gxh4 73. Bh3
Kf7 74. Kd7 Bf8 75. Kd8 Be7+ 76. Kc7 Kf6 77. Kc6 Kf7 78. Kd7 Bf8 79. Bg4 Be7
80. Be6+ Kf6 81. Bd5 Bf8 82. Ke8 Bh6 83. Bg2 Bg7 84. Bh3 Bh6 85. Kd8 Bf8 86.
Kd7 1/2-1/2

[Event "Team men HL chess 2017"]
[Site "Sochi"]
[Date "2017.05.08"]
[Round "7.8"]
[White "Abrekov, Mussa"]
[Black "Zaika, Daniil"]
[Result "1-0"]
[WhiteElo "2219"]
[BlackElo "2149"]
[PlyCount "167"]
[EventDate "2017.05.01"]

1. d4 Nf6 2. c4 g6 3. Nc3 Bg7 4. g3 O-O 5. Bg2 d6 6. Nf3 Nbd7 7. O-O c6 8. e4
e5 9. h3 exd4 10. Nxd4 Re8 11. Re1 a5 12. Be3 Nc5 13. Qc2 Qb6 14. Nb3 Nfd7 15.
Na4 Qa7 16. Rad1 Bf8 17. f4 b6 18. Nd4 Bb7 19. Bf2 Nxa4 20. Qxa4 Nc5 21. Qc2
Qb8 22. h4 Qc7 23. h5 Bg7 24. hxg6 hxg6 25. f5 Rad8 26. Nf3 Nd7 27. fxg6 fxg6
28. e5 Nf8 29. exd6 Rxe1+ 30. Rxe1 Rxd6 31. c5 bxc5 32. Bxc5 Re6 33. Qc4 Qf7
34. Rf1 Rf6 35. Qh4 Qxa2 36. Ng5 Qxb2 37. Bxf8 Rxf1+ 38. Bxf1 Qd4+ 39. Qxd4
Bxd4+ 40. Kh2 Bf6 41. Bh6 Bc8 42. Bc4+ Kh8 43. Ne6 Kh7 44. Bd2 a4 45. Bc1 Be7
46. Nd4 Bd7 47. Nc2 Bf5 48. Ba3 Bf6 49. Ne1 Bc3 50. Nd3 Kg7 51. Nc5 Bc2 52. Ba6
Bd1 53. Bb7 Bf3 54. Nxa4 Be5 55. Nb2 Kf6 56. Nd3 Bc3 57. Nb4 Be4 58. Nxc6 Ba1
59. Na5 Bd3 60. Bd5 Kg7 61. Nc4 Kh7 62. Nd2 Be5 63. Be4 Bb5 64. Nf3 Bf6 65. Bd6
Be8 66. g4 Bd7 67. Kg3 Be8 68. Ne5 Bg7 69. Kf4 Bh6+ 70. g5 Bg7 71. Ke3 Bh8 72.
Kd4 Bg7 73. Kc5 Bh8 74. Kd5 Bg7 75. Ke6 Bh8 76. Ke7 Bxe5 77. Bxe5 Ba4 78. Kf7
Bb3+ 79. Kf6 Bf7 80. Bd6 Be8 81. Ke7 Bb5 82. Kf7 Bc4+ 83. Kf6 Kh8 84. Bxg6 1-0

[Event "Team men HL 2017"]
[Site "Sochi"]
[Date "2017.05.08"]
[Round "7.1"]
[White "Paravyan, David"]
[Black "Shimanov, Aleksandr"]
[Result "1/2-1/2"]
[WhiteElo "2528"]
[BlackElo "2642"]
[PlyCount "81"]
[EventDate "2017.??.??"]

1. d4 d5 2. c4 e6 3. Nc3 Be7 4. Bf4 Nf6 5. e3 O-O 6. a3 c5 7. dxc5 Bxc5 8. Nf3
Nc6 9. Qc2 Qa5 10. Rd1 Re8 11. Ne5 Nxe5 12. Bxe5 Be7 13. Qa4 Qxa4 14. Nxa4 Bd7
15. Nc3 Bc6 16. cxd5 Nxd5 17. Nxd5 Bxd5 18. Bb5 Red8 19. O-O a6 20. Be2 Rac8
21. Rc1 Bc5 22. Rfd1 f6 23. Bc3 Bb6 24. Bb4 Kf7 25. Bh5+ g6 26. Rxc8 Rxc8 27.
Bf3 Rd8 28. Bxd5 Rxd5 29. Rxd5 exd5 30. Bc3 Ke6 31. Kf1 d4 32. exd4 Kd5 33. Ke2
Bxd4 34. Kd3 Bxc3 35. Kxc3 h5 36. Kd3 g5 37. h3 h4 38. g4 a5 39. a4 f5 40. f3
Ke5 41. Ke3 1/2-1/2

[Event "Team men HL 2017"]
[Site "Sochi"]
[Date "2017.05.08"]
[Round "7.2"]
[White "Kovalev, Vladislav"]
[Black "Zhukova, Natalia"]
[Result "1/2-1/2"]
[WhiteElo "2629"]
[BlackElo "2450"]
[PlyCount "89"]
[EventDate "2017.??.??"]

1. e4 e6 2. d4 d5 3. Nd2 c5 4. exd5 exd5 5. Ngf3 Nc6 6. Bb5 Qe7+ 7. Be2 Qc7 8.
O-O Nf6 9. Re1 Be6 10. Bb5 Bd6 11. dxc5 Bxc5 12. Nb3 Bb6 13. Be3 O-O 14. a4 Bg4
15. Bxb6 Qxb6 16. Be2 Rfe8 17. a5 Qb4 18. c3 Qf4 19. a6 bxa6 20. Qd2 Qxd2 21.
Nbxd2 Rab8 22. b4 d4 23. Nxd4 Nxd4 24. Bxg4 Rxe1+ 25. Rxe1 Nb5 26. Be2 Nxc3 27.
Bxa6 Rxb4 28. Re7 Kf8 29. Rxa7 Nfe4 30. Ra8+ Ke7 31. Ra7+ Kf6 32. Nxe4+ Nxe4
33. Bd3 Nc5 34. Bf1 Rb2 35. g3 Ne4 36. Bc4 Nd6 37. Bd5 Rd2 38. Bb3 Rb2 39. Bd5
Rd2 40. Bb3 Rb2 41. Ba2 g5 42. Bd5 Rd2 43. Bf3 Nc4 44. Kf1 Ne5 45. Be2 1/2-1/2